An Encyclopaedic Dictionary Of Sanskrit On Historical Principles/ (Record no. 195584)
[ view plain ]
| 000 -LEADER | |
|---|---|
| fixed length control field | 00577nam a22001817a 4500 |
| 005 - DATE AND TIME OF LATEST TRANSACTION | |
| control field | 20230406133644.0 |
| 010 ## - LCCN (DPL NO) | |
| LC control number | ENG-136628 |
| 020 ## - INTERNATIONAL STANDARD BOOK NUMBER | |
| Terms of availability | 800.00 |
| International Standard Book Number | 9788193278819 |
| 035 ## - SYSTEM CONTROL NUMBER | |
| System control number | EN-120160 |
| 037 ## - SOURCE OF ACQUISITION | |
| Source of stock number/acquisition | DBAD/PUB |
| 082 ## - DEWEY DECIMAL CLASSIFICATION NUMBER | |
| Classification number | 491.2321 |
| 245 00 - TITLE STATEMENT | |
| Title | An Encyclopaedic Dictionary Of Sanskrit On Historical Principles/ |
| Statement of responsibility, etc | By J.D Sathe...[et.al] |
| 260 ## - PUBLICATION, DISTRIBUTION, ETC. (IMPRINT) | |
| Place of publication, distribution, etc | Pune |
| Name of publisher, distributor, etc | Deccan College Post Graduate And Research Institute |
| Date of publication, distribution, etc | 2015 |
| 270 ## - ADDRESS | |
| Address | Deemed University |
| City | Pune |
| 300 ## - PHYSICAL DESCRIPTION | |
| Extent | lxi,vpp.; |
| Dimensions | 29cm(hbk) |
| 490 ## - SERIES STATEMENT | |
| Volume number/sequential designation | Thirty One |
| 942 ## - ADDED ENTRY ELEMENTS (KOHA) | |
| Source of classification or shelving scheme | Dewey Decimal Classification |
| Item type | English Books |
| Call number suffix | DIC |
| Classification part | 497.2321 |
| Withdrawn status | Lost status | Materials specified (bound volume or other part) | Not for loan | Collection code | Home library | Current library | Date acquired | Source of acquisition | Cost, normal purchase price | Full call number | Barcode | Copy number | Cost, replacement price | Koha item type |
|---|---|---|---|---|---|---|---|---|---|---|---|---|---|---|
| VOL 31 | Reference | Central Library | Central Library | 06/04/2023 | DBAD/PUB | 800.00 | 497.2321 DIC | EN-120160 | 1 | 800.00 | English Books |
